La guerra en Sud Africa (Record no. 57644)

MARC details
000 -LEADER
campo de control de longitud fija 00657nam a2200181 i 4500
001 - NÚMERO DE CONTROL
campo de control 57644
003 - IDENTIFICADOR DE NÚMERO DE CONTROL
campo de control ES-MaACL
005 - FECHA Y HORA DE LA ÚLTIMA TRANSACCIÓN
campo de control 20250921063025.0
007 - CAMPO FIJO DE DESCRIPCIÓN FÍSICA--INFORMACIÓN GENERAL
campo de control de longitud fija t|
008 - DATOS DE LONGITUD FIJA--INFORMACIÓN GENERAL
campo de control de longitud fija 031017s1902 xxk ||||1| spa d
100 1# - ENTRADA PRINCIPAL--NOMBRE DE PERSONA
Nombre de persona Doyle, Arthur Conan,
Títulos y otros términos asociados al nombre Sir,
Fechas asociadas al nombre 1859-1930
9 (RLIN) 45552
245 13 - MENCIÓN DEL TÍTULO
Título La guerra en Sud Africa
Resto del título : sus causas y modo de hacerla /
Mención de responsabilidad, etc. por A. Conan Doyle ; traducida directamente del inglés por Fernando de Arteaga y Pereira.
260 ## - PUBLICACIÓN, DISTRIBUCIÓN, ETC.
Lugar de publicación, distribución, etc. Londres :
Nombre del editor, distribuidor, etc. Smith, Elder and Co,
Fecha de publicación, distribución, etc. 1902 (
Fabricante Antonio Marzo)
300 ## - DESCRIPCIÓN FÍSICA
Extensión 156 p. ;
Dimensiones 21 cm.
700 1# - ENTRADA AGREGADA--NOMBRE PERSONAL
Nombre de persona Arteaga y Pereira, Fernando de.
9 (RLIN) 23439
852 ## - LOCALIZACIÓN
Ubicación ES-MaACL
Número de control de estantería D-1181
Holdings
Estatus retirado Estado de pérdida Estado de daño No para préstamo Biblioteca de origen Biblioteca actual Ubicación en estantería Fecha de adquisición Fuente de adquisición Total de préstamos Signatura topográfica completa Código de barras Visto por última vez Precio de reemplazo Tipo de ítem Koha
        Biblioteca del Ateneo de Madrid Biblioteca del Ateneo de Madrid Sala Valle Inclán 17/01/2008     D-1181 901060512 23/02/2023 23/02/2023 Libro impreso